Logistika - neznámy pojem Už nie je najlepší ten, kto má plné sklady

Vstup komplexného logistického systému do praxe. Využívanie logistických prístupov jednou z možností, ako na základe nižších nákladov znížiť aj cenu ponúkaného tovaru. Uplatňovanie logistických prístupov. Prienik plánovacích momentov do logistiky. Zavádzanie logistických koncepcií do praxe. Just in...

Ausführliche Beschreibung

Gespeichert in:
Bibliographische Detailangaben
1. Verfasser: Marčáková, Z.
Format: Buchkapitel
Sprache:Slowakisch
Schlagworte:
Tags: Tag hinzufügen
Keine Tags, Fügen Sie das erste Tag hinzu!

MARC

LEADER 00000naa a2200000 4500
001 r017280
005 20221213100453.7
041 0 |a slo 
044 |a SK 
245 1 0 |a Logistika - neznámy pojem  |b Už nie je najlepší ten, kto má plné sklady  |c Z. Marčáková 
520 |a Vstup komplexného logistického systému do praxe. Využívanie logistických prístupov jednou z možností, ako na základe nižších nákladov znížiť aj cenu ponúkaného tovaru. Uplatňovanie logistických prístupov. Prienik plánovacích momentov do logistiky. Zavádzanie logistických koncepcií do praxe. Just in time. Multistrategické logistické koncepcie vyplývajúce z rôznych požiadaviek a vplyvov. 
610 2 0 |a logistika 
610 2 0 |a koncepcie 
610 2 0 |a tok tovaru 
610 2 0 |a tok informácií 
610 2 0 |a tok výroby 
610 2 0 |a JIT 
100 1 |a Marčáková, Z.